| 000 | 00977cam a22003013a 4500 | ||
|---|---|---|---|
| 001 | 19001 | ||
| 003 | PGUSA | ||
| 005 | 20140828083413.0 | ||
| 008 | 060807s2006||||xxu|||||s|||||000 1 eng d | ||
| 040 |
_aPGUSA _beng |
||
| 042 | _adc | ||
| 050 | 4 | _aPZ | |
| 100 | 1 |
_aNewberry, Fannie E. _q(Fannie Ellsworth), _d1848-1942 |
|
| 245 | 1 | 0 |
_aAll Aboard : _bA Story for Girls _h[electronic resource] / _cFannie E. Newberry |
| 260 |
_bProject Gutenberg, _c2006 |
||
| 506 | _aPublic domain in the USA. | ||
| 516 | _aElectronic text | ||
| 653 | _aShip captains -- Juvenile fiction | ||
| 653 | _aConduct of life -- Juvenile fiction | ||
| 653 | _aFathers and daughters -- Juvenile fiction | ||
| 653 | _aTwins -- Juvenile fiction | ||
| 653 | _aGirls -- Conduct of life -- Juvenile fiction | ||
| 653 | _aVoyages and travels -- Juvenile fiction | ||
| 653 | _aSea stories | ||
| 830 | 0 |
_aProject Gutenberg _v19001 |
|
| 856 | 4 | 0 | _uhttp://www.gutenberg.org/ebooks/19001 |
| 942 | _cEB | ||
| 999 |
_c248256 _d248256 |
||